| 000 | 00631nam a22001817a 4500 | ||
|---|---|---|---|
| 008 | 161203b xxu||||| |||| 00| 0 eng d | ||
| 020 | _a0-07-242580-6 | ||
| 082 |
_22001 _aDC 901.905 _bW52 |
||
| 245 |
_aWestern civilization, vol. II: _bearly modern through the twentieth century/ _cEdited by Robert L. Lembright. |
||
| 250 | _a11th Edition | ||
| 260 |
_aConnecticut: _bMcGraw-Hill, _cc2001. |
||
| 300 |
_ax, 229 pages: _billustrations; _c27 cm. |
||
| 500 | _aincludes index. | ||
| 650 | 0 |
_918053 _aCivilization _vPeriodicals |
|
| 650 | 0 |
_918054 _aWorld history _vPeriodicals |
|
| 700 |
_918055 _aLembright, Robert L. |
||
| 942 |
_2ddc _cDC |
||
| 999 |
_c5951 _d5951 |
||